000 00655nam a2200217 a 4500
001 BRCA_8845
005 20190320210431.0
008 120517s1709----it-#######---#000-0#lat-#
041 _alat
044 _ait
084 _aBE227
_b.C53 1709
100 1 _aClaudius Claudianus
_922034
245 1 0 _aCl. Clavdiani emendatissima bemata nunc recens accur atissimè expurgata.
260 _aVenetiis
_bApud Lovisam
_c1709
300 _a312 p.
_c13 x 7.2 cm.
500 _aSuperiorum permissu
500 _aCum privilegio
500 _aEstado físico: presenta encuadernación en pergamino con presencia del pez de plata
902 _aCFM
942 _2lcc
_cB
999 _c8496
_d8496